Humana dignidad: un estudio sobre los valores en una época en que siguen tan escasos
Saved in:
| Hovedforfatter: | |
|---|---|
| Format: | Bog |
| Sprog: | spansk |
| Udgivet: |
Madrid
Tecnos
1990
|
| Serier: | Colección Ventana Abierta
|
| Fag: | |
| Tags: |
Tilføj Tag
Ingen Tags, Vær først til at tagge denne postø!
|
MARC
| LEADER | 00000nam a2200000 a 4500 | ||
|---|---|---|---|
| 001 | UCW7304 | ||
| 003 | CL-VaPUC | ||
| 008 | 921022e19900000SP |||||||||||||||||spa|d | ||
| 082 | 0 | 4 | |a 170 |b BIL |2 21 |
| 100 | 0 | |a Bilbeny, Norbert |e author |9 312459 | |
| 245 | 1 | 0 | |a Humana dignidad: un estudio sobre los valores en una época en que siguen tan escasos |
| 300 | |a 162 p | ||
| 942 | |c BK | ||
| 945 | |d 19921022 00:00:00 | ||
| 260 | |a Madrid |b Tecnos |c 1990 | ||
| 650 | 0 | |a Ética |9 255099 | |
| 650 | 0 | |a Valores (Filosofía) |9 256541 | |
| 583 | |a last modification |c 19921022 00:00:00 |k Rodrigo Vera | ||
| 490 | 0 | |a Colección Ventana Abierta | |
| 999 | |c 220107 |d 220105 | ||
| 952 | |0 0 |1 0 |4 0 |6 170_000000000000000_BIL_1990 |7 0 |8 A |9 211899 |a BIBEDU |b BIBEDU |d 2019-11-15 |i 2801302 |o 170 BIL 1990 |p 2801302 |r 2019-11-15 |w 2019-11-15 |y BK |k EDU | ||